U.S Biggest Cities by Population - Whammies - Statistics

General Stats
  • This quiz has been taken 60 times
  • The average score is 9 of 10
Answer Stats
# Estimated Population (2024) Answer % Correct
2 3,878,704 Los Angeles
100%
1 8,478,072 New York City
100%
3 2,721,308 Chicago
98%
9 1,326,087 Dallas
96%
4 2,390,125 Houston
93%
6 1,573,916 Philadelphia
89%
5 1,673,164 Phoenix
81%
8 1,404,452 San Diego
81%
7 1,526,656 San Antonio
68%
10 1,009,833 Jacksonville
49%
No matching quizzes found
Score Distribution
Percent of People with Each Score
Percentile by Number Answered
Your Score History
You have not taken this quiz